Making love : a conspiracy of the heart
| Main Author: | |
|---|---|
| Format: | Book |
| Published: |
London :
Black Swan Books ,
2004
|
| Subjects: |
MARC
| LEADER | 00000cam a2200000 7i4500 | ||
|---|---|---|---|
| 001 | 0000086310 | ||
| 005 | 20040823.0 | ||
| 020 | |a 0552771317 | ||
| 090 | 0 | 0 | |a F |b BRI |
| 100 | 1 | |a Brill, Marius | |
| 245 | 1 | 0 | |a Making love : |b a conspiracy of the heart |c Marius Brill |
| 260 | |a London : |b Black Swan Books , |c 2004 | ||
| 300 | |a 463p. ; |c 21cm. | ||
| 650 | 0 | 0 | |a English fiction |
| 999 | |a 00173930 |b BUKU |c PINJAMAN |e PERPUSTAKAAN KOMUNITI PETALING JAYA | ||